Geography of Polynesia - Statistics

General Stats
  • This quiz has been taken 80 times
  • The average score is 11 of 20
Answer Stats
Hint Answer % Correct
The only place in Polynesia controlled by a Hispanic country Easter Island
89%
Polynesia's only sovereign monarchy Tonga
86%
Official name of Hawaii's "Big Island" Hawai'i
80%
Due to its previous name, this country's web domain is .ws Samoa
74%
The largest island of the above (and a popular vacation getaway) Tahiti
69%
The Māori name for New Zealand Aotearoa
66%
Carved stone statues the above is famous for Moai
62%
Constellation featured on 2 Polynesian countries' flags Southern Cross
60%
This British territory is the least populated national jurisdiction in the world Pitcairn Islands
58%
Paul Gauguin often depicted this territory in his paintings French Polynesia
55%
Capital of the above Nuku'alofa
55%
World's largest mountain, from base to peak Mauna Kea
54%
Polynesia's largest city by population Auckland
51%
First foreign power to colonize the above Germany
46%
World's largest active volcano Mauna Loa
45%
Most of Polynesia lies on this tectonic plate Pacific Plate
43%
The Polynesian languages are part of this language family, which spans as far as Madagascar and Taiwan Austronesian
37%
Island that non-Native Hawaiians are banned from visiting Ni'ihau
35%
Archipelago of New Zealand home to the Moriori people Chatham Islands
32%
Territorial capital home to the USA's largest fishing port Pago Pago
31%
No matching quizzes found
Score Distribution
Percent of People with Each Score
Percentile by Number Answered
Your Score History
You have not taken this quiz